000 00787nam a2200253Ia 4500
003 GCL
008 140319s9999 xx 000 0 ara d
040 _aGCL /
_cGCL
082 0 4 _a953.07393
_bا ا
100 1 _aابواليمن القاضى مجيدالدين
245 1 0 _aالانس الجليل بتاريخ القدس والخليل /
_cابواليمن القاضى مجيدالدين
260 _a[S.N] :
_bالمطبعة الحيدرية ،
_c1968
300 _a424
490 _a
650 0 4 _aالتاريخ الاسلامى
650 0 4 _aالتاريخ
650 0 4 _aالقدس
650 0 4 _aالدولة الايوبية
650 0 4 _aالقضاة
650 0 4 _aالفتوحات
650 0 4 _aالمشايخ
650 0 4 _aالامراء
942 _2ddc
_cBK
999 _c59111
_d59111